| 000 | 00753nam a22002417a 4500 | ||
|---|---|---|---|
| 999 |
_c6422 _d6422 |
||
| 001 | 1333 | ||
| 003 | BD-DhUAP | ||
| 005 | 20210110094145.0 | ||
| 008 | 201231s1999 bg a 001 0 eng d | ||
| 020 | _a9840514890 | ||
| 020 | _a8122005454 | ||
| 040 |
_aDLC _cDLC _dBD-DhUAP _bEng |
||
| 082 | 0 | 0 |
_a327.5405492 DIX _223 |
| 100 | 1 | _aDixit, J. N. | |
| 245 | 1 | 0 |
_aLiberation and beyond : _bIndo-Bangladesh relations / _cJ. N. Dixit. |
| 260 |
_aDhaka,Bangladesh : _bUniversity Press, _cc1999. |
||
| 300 |
_axii, 317 pages : _billustrations ; _c23 cm. |
||
| 504 | _aIncludes index. | ||
| 651 | 0 |
_aIndia _xForeign relations _zBangladesh. |
|
| 651 | 0 |
_aBangladesh _xForeign relations _zIndia. |
|
| 942 |
_2ddc _cBK |
||